Money, credit and banking/ (Record no. 5764)
[ view plain ]
| 000 -LEADER | |
|---|---|
| fixed length control field | 00647nam a22001937a 4500 |
| 008 - FIXED-LENGTH DATA ELEMENTS--GENERAL INFORMATION | |
| fixed length control field | 160218b xxu||||| |||| 00| 0 eng d |
| 020 ## - INTERNATIONAL STANDARD BOOK NUMBER | |
| International Standard Book Number | 978-971-95961-9-6 |
| 082 ## - DEWEY DECIMAL CLASSIFICATION NUMBER | |
| Edition number | 2014 |
| Classification number | DFil 332 |
| Item number | M46m |
| 100 ## - MAIN ENTRY--PERSONAL NAME | |
| 9 (RLIN) | 17608 |
| Personal name | Medina, Roberto G. |
| 245 ## - TITLE STATEMENT | |
| Title | Money, credit and banking/ |
| Statement of responsibility, etc. | Roberto G. Medina. |
| 260 ## - PUBLICATION, DISTRIBUTION, ETC. (IMPRINT) | |
| Place of publication, distribution, etc. | Manila, Philippines: |
| Name of publisher, distributor, etc. | Unlimited Books Library Services & Publishing Inc., |
| Date of publication, distribution, etc. | c2014. |
| 300 ## - PHYSICAL DESCRIPTION | |
| Extent | xiv, 249 pages: |
| Other physical details | illustrations; |
| Dimensions | 23 cm. |
| 500 ## - GENERAL NOTE | |
| General note | Includes bibliographical references. |
| 650 #0 - SUBJECT ADDED ENTRY--TOPICAL TERM | |
| 9 (RLIN) | 17609 |
| Topical term or geographic name as entry element | Finance |
| 650 #0 - SUBJECT ADDED ENTRY--TOPICAL TERM | |
| 9 (RLIN) | 17610 |
| Topical term or geographic name as entry element | Financial economics |
| 650 #0 - SUBJECT ADDED ENTRY--TOPICAL TERM | |
| 9 (RLIN) | 17611 |
| Topical term or geographic name as entry element | Money |
| 365 ## - TRADE PRICE | |
| Price amount | 495.00 |
| Currency code | Php. |
| 942 ## - ADDED ENTRY ELEMENTS (KOHA) | |
| Source of classification or shelving scheme | Dewey Decimal Classification |
| Koha item type | Filipiniana |
| Withdrawn status | Lost status | Source of classification or shelving scheme | Damaged status | Not for loan | Collection code | Home library | Current library | Shelving location | Date acquired | Source of acquisition | Cost, normal purchase price | Total Checkouts | Full call number | Barcode | Date last seen | Date last checked out | Copy number | Price effective from | Koha item type |
|---|---|---|---|---|---|---|---|---|---|---|---|---|---|---|---|---|---|---|---|
| Dewey Decimal Classification | Filipiniana | UM Digos College - LIC | UM Digos College - LIC | Book Cart | 10/27/2016 | Purchased | 495.00 | 7 | DFil 332 M46m 2014 | 24573 | 05/15/2025 | 08/22/2023 | 1 | 11/18/2016 | Filipiniana |
